Flora das cangas da Serra dos Carajás, Pará, Brasil: Picramniaceae (Registro n. 331008)
[ somente texto ]
| 000 -LÍDER | |
|---|---|
| fixed length control field | 01838nab a2200253 i 4500 |
| 003 - CÓDIGO MARC DA AGÊNCIA CATALOGADORA | |
| Campo de controle | BR-BrBNA |
| 005 - DATA E HORA DA ÚLTIMA ATUALIZAÇÃO | |
| Campo de controle | 20250414080503.0 |
| 008 - CAMPO DE TAMANHO FIXO | |
| fixed length control field | 250414b2016 bl.qr|pooa||| 00| 0 por | |
| 040 ## - FONTE DA CATALOGAÇÃO | |
| Agência catalogadora | BR-BrBNA |
| Idioma da catalogação | por |
| 072 ## - CATEGORIA AGRIS | |
| Código AGRIS | F70 |
| 100 ## - ENTRADA PRINCIPAL - NOME PESSOAL | |
| Nome pessoal | Pirani, José Rubens |
| 100 ## - ENTRADA PRINCIPAL - NOME PESSOAL | |
| Nome pessoal | Devecchi, Marcelo Fernando |
| 245 ## - TÍTULO PRINCIPAL | |
| Título principal | Flora das cangas da Serra dos Carajás, Pará, Brasil: Picramniaceae |
| 500 ## - NOTA GERAL | |
| Nota geral | Publicação on-line; 9 ref.; 1 illus.; Summaries (En, Pt) |
| 942 ## - ADDED ENTRY ELEMENTS (KOHA) | |
| Koha item type | Analítica |
| 520 ## - NOTA DE RESUMO | |
| Nota de conteúdo | <br/><br/>Resumo<br/><br/>Duas espécies de Picramniaceae foram registradas na Serra dos Carajás, Pará, Brasil, pertencentes ao gênero<br/>Picramnia: P. ferrea e P. latifolia. Apenas a primeira foi registrada nas áreas de cangas da Serra, sendo<br/>endêmica da área. O presente estudo taxonômico apresenta descrição morfológica, ilustrações detalhadas e<br/>comentários diagnósticos de P. ferrea. <br/><br/>Palavras-chave: Carajás, conservação, Eudicotiledôneas, Picramnia.<br/><br/><br/><br/><br/>Abstract<br/><br/>Two species of Picramniaceae are found in Serra dos Carajás, Pará, Brazil, both belonging to the genus<br/>Picramnia: P. ferrea and P. latifolia. Only the former one was recorded in the areas of cangas, being a species<br/>endemic to the cangas. This taxonomic study presents a morphological description, detailed illustrations and<br/>diagnostic comments of P. ferrea. <br/><br/>Key words: Carajás, conservation, Eudicots, Picramnia.<br/> |
| 650 ## - ASSUNTO - THESAGRO | |
| Cabeçalho tópico ou nome geográfico | CARAJÁS |
| 650 ## - ASSUNTO - THESAGRO | |
| Cabeçalho tópico ou nome geográfico | CONSERVAÇÃO |
| 650 ## - ASSUNTO - THESAGRO | |
| Cabeçalho tópico ou nome geográfico | PARÁ |
| 650 ## - ASSUNTO - THESAGRO | |
| Cabeçalho tópico ou nome geográfico | TAXONOMIA |
| 773 0# - ENTRADA ANALÍTICA | |
| Host Biblionumber | 709 |
| Registro do item | 349694 |
| Imprenta | Rio de Janeiro-RJ Jardim Botanico do Rio de Janeiro 1935 |
| Outro identificador | 2025-2214 |
| Título | Rodriguésia (Brazil) |
| ISSN | 0370-6583; 2175-7860 on-line |
| Colação | v. 67(5 special number) p. 1447-1449; (2016) |
| Número de controle de registro | BR2025000675 |
| 856 ## - ACESSO E ENDEREÇO ELETRÔNICO | |
| Identificador uniforme de recurso - URI | https://www.scielo.br/j/rod/a/rgYc6Q7FP6vDNrBHMh3ZRRb/?format=pdf&lang=pt |
Nenhum exemplar disponível.

BINAGRI